[Event "Medellin Antioquia-ch"]
[Site "Medellin"]
[Date "2024.05.04"]
[Round "5"]
[White "Cordoba Perez, Jeronimo"]
[Black "Hernandez, Juan Esteban"]
[Result "0-1"]
[WhiteElo "1968"]
[BlackElo "1814"]
[PlyCount "104"]
[EventDate "2024.05.01"]
[EventType "swiss"]
[EventRounds "7"]
[EventCountry "COL"]
[SourceTitle "CB20_2024"]
[SourceDate "2024.05.16"]
[SourceVersion "1"]
[SourceVersionDate "2024.05.16"]
[SourceQuality "1"]

1. d4 Nf6 2. Bg5 e6 3. e4 h6 4. Bxf6 Qxf6 5. Nc3 Bb4 6. e5 Qe7 7. Bd3 Nc6 8. Qg4 g6 9. Nge2 d6 10. f4 Bd7 11. a3 Bxc3+ 12. bxc3 g5 13. g3 0-0-0 14. Qf3 f6 15. exd6 Qxd6 16. 0-0 e5 17. dxe5 fxe5 18. f5 h5 19. Qe3 g4 20. Be4 Qh6 21. Qf2 h4 22. gxh4 Qxh4 23. Qxh4 Rxh4 24. Ng3 Rf8 25. Rae1 Rh6 26. Bxc6 Rxc6 27. Rxe5 Rxc3 28. Ne4 Rxa3 29. f6 Rf3 30. Rxf3 gxf3 31. Kf2 Bc6 32. Kxf3 Rxf6+ 33. Kg3 Bxe4 34. Rxe4 Kd7 35. h4 a5 36. h5 Ra6 37. Rg4 Rc6 38. Rh4 Rc3+ 39. Kf2 Rxc2+ 40. Kf3 Rc3+ 41. Kf2 Rc6 42. h6 Rf6+ 43. Kg3 Rf8 44. Kg4 Ke7 45. h7 Rh8 46. Kg5 Kd6 47. Kf6 b5 48. Rh6 Kc5 49. Ke5 a4 50. Rh5 a3 51. Rh2 b4 52. Rc2+ Kb6 0-1

[Event "Medellin Antioquia-ch"]
[Site "Medellin"]
[Date "2024.05.03"]
[Round "4"]
[White "Hernandez, Juan Esteban"]
[Black "Perez, William"]
[Result "1-0"]
[WhiteElo "1814"]
[BlackElo "1936"]
[PlyCount "99"]
[EventDate "2024.05.01"]
[EventType "swiss"]
[EventRounds "7"]
[EventCountry "COL"]
[SourceTitle "CB20_2024"]
[SourceDate "2024.05.16"]
[SourceVersion "1"]
[SourceVersionDate "2024.05.16"]
[SourceQuality "1"]

1. c4 e5 2. g3 Nc6 3. Bg2 Bc5 4. Nc3 Nf6 5. d3 d6 6. Bg5 h6 7. Bxf6 Qxf6 8. Ne4 Bb4+ 9. Nd2 0-0 10. Ngf3 e4 11. dxe4 Qxb2 12. 0-0 Re8 13. a3 Bc5 14. Ne1 Bb6 15. Nd3 Qf6 16. Nf4 Ne7 17. Rb1 c6 18. Rb3 g5 19. Nd3 Bg4 20. e5 Qe6 21. exd6 Bxe2 22. Qe1 Nf5 23. c5 Ba5 24. Nb4 Qd7 25. Ne4 Rxe4 26. Bxe4 Bxf1 27. Qxf1 Qe6 28. Qb1 Nd4 29. Re3 Qf6 30. Nc2 Nxc2 31. Qxc2 Rd8 32. Qb3 b6 33. Rf3 Qe6 34. Bh7+ Kg7 35. Bc2 bxc5 36. Qd3 Rxd6 37. Qh7+ Kf8 38. Qh8+ Ke7 39. Re3 c4 40. Rxe6+ Rxe6 41. Qc8 Bb6 42. Qa6 Re2 43. Qxc4 Re6 44. Bf5 Re5 45. g4 h5 46. Qxc6 hxg4 47. Qd7+ Kf8 48. Qd6+ Re7 49. Qh6+ Ke8 50. Qh8# 1-0

[Event "Medellin Flores op 30th"]
[Site "Medellin"]
[Date "2023.08.05"]
[Round "4"]
[White "Hernandez, Juan Esteban"]
[Black "Fernandez, Andres2222"]
[Result "0-1"]
[WhiteElo "1708"]
[BlackElo "1319"]
[PlyCount "62"]
[EventDate "2023.08.03"]
[EventType "swiss"]
[EventRounds "9"]
[EventCountry "COL"]
[SourceTitle "EXT 2024"]
[Source "ChessBase"]
[SourceDate "2023.10.10"]
[SourceVersion "1"]
[SourceVersionDate "2023.10.10"]
[SourceQuality "1"]

1. d4 f5 2. Bf4 Nf6 3. Nf3 d6 4. e3 g6 5. h3 Bg7 6. Nbd2 0-0 7. c3 Qe8 8. Bh2 e5 9. dxe5 dxe5 10. Nxe5 Nd5 11. Ndf3 c6 12. Bc4 Be6 13. 0-0 Kh8 14. Qe2 Nd7 15. Nxd7 Qxd7 16. Rad1 Qf7 17. Ng5 Qf6 18. Nxe6 Qxe6 19. Rd2 Be5 20. Bxe5+ Qxe5 21. Bxd5 cxd5 22. Rfd1 Rad8 23. Qb5 f4 24. Rxd5 fxe3 25. fxe3 Qxe3+ 26. Kh1 Rxd5 27. Qxd5 Qe2 28. Qd2 Rf1+ 29. Kh2 Qxd1 30. Qh6 Qd6+ 31. g3 Rf2+ 0-1

[Event "Sabaneta op-B 2nd"]
[Site "Sabaneta Antioquia"]
[Date "2023.07.02"]
[Round "7"]
[White "Guerra Verano, Diana"]
[Black "Hernandez, Juan Esteban"]
[Result "0-1"]
[WhiteElo "1635"]
[BlackElo "1300"]
[PlyCount "73"]
[EventDate "2023.06.28"]
[EventType "swiss"]
[EventRounds "9"]
[EventCountry "COL"]
[SourceTitle "EXT 2024"]
[Source "ChessBase"]
[SourceDate "2023.10.10"]
[SourceVersion "1"]
[SourceVersionDate "2023.10.10"]
[SourceQuality "1"]

1. e4 e5 2. Nf3 Nf6 3. d4 Nxe4 4. Bd3 d5 5. Nxe5 Nd7 6. Nxd7 Bxd7 7. 0-0 Bd6 8. Qh5 0-0 9. Qxd5 Bc6 10. Qh5 f5 11. Bxe4 fxe4 12. Nc3 g6 13. Qg4 Bd7 14. Qg5 Qe8 15. Qd5+ Kg7 16. Nxe4 Bxh2+ 17. Kxh2 Bc6 18. Bh6+ Kxh6 19. Qg5+ Kg7 20. Ng3 Qf7 21. f3 h6 22. Qe5+ Kh7 23. Rae1 Rae8 24. Qa5 Qf4 25. Rxe8 Rxe8 26. Re1 Qh4+ 27. Kg1 Qxg3 28. Rxe8 Bxe8 29. Qa3 Qe1+ 30. Kh2 Qh4+ 31. Kg1 Qxd4+ 32. Kf1 Bb5+ 33. Ke1 Qg1+ 34. Kd2 Qxg2+ 35. Ke3 Qg5+ 36. Ke4 Bc6+ 37. Kd3 0-1